000 03400nam a22002537a 4500
003 CO-CtgCURN
005 20250609212845.0
008 250609b |||||||| |||| 00| 0 eng d
020 _a8480160934 (obra completa)
040 _aCO-CtgCURN
_bspa
_ccoctgcurn
082 _aR610.73
_bE561
245 _aEnciclopedia Larousse de la enfermería /
_cdirección Ruth Midgley; Editores Tony Smith.
260 _aBarcelona:
_bPlaneta,
_c1994.
300 _a2488 páginas.
_bilustraciones, graficos, cuadros,
_c29 cm.
500 _aIncluye Índice de desarrollos temáticos.
505 _aVolumen 1. Abdomen agudo, Absceso, Accidente cerebrovascular, Ahogamiento, Aislamiento, Alimentación Artificial enteral, Alimentación artificial parental, Alivio de dolor, Amputación, Anafilaxia, Anestesia, Anticoagulantes, Antisépticos, Apendicitis. Volumen 2. Aposito, Ascitis, Asfixia, Asmatica, Baño terappeutico, Bazo, Cama, Cateterismo venoso, Cetosis, Cirrosis. Volumen 3. Colecistitis, Cólico renal, Colostomía, Comprenso, Constante vitales, Convulsiones, Cordón umbilical, Delirios, Depresión, Derrame pericárdico, Desfibrilación, Desinfección, Desorientación, Diabetes, Diarrea, Disnea, Diuresis. Volumen 4. Donación de sangre, Drenaje quirúrgico, Embolia pulmonar, Encefalitis, Enema, Enfermedad pulmonar, Epistaxis, Esterilización, Estreñimiento, Eventración, Exanguinotransfusión, Expectoración sanguinolenta. Volumen 5. Férulas, Fiebre, Fisioterapia, Fisura, Gangrena, Glucemia, Hemiplejia, Hemodiálisis, Hemorragia, Higiene del enfermo, Hiperglucemia, Hipoglucemia, Ictericia. Volumen 6. Incontinencia, Infarto, Infección hospitalaria, Infusión intravenosa, Ingreso y alta hospitalarios, Insomnio, Instrumental de cirugía, Insuficiencia cardiaca, Intoxicación, Intubación endotraqueal, Inyección, Irrigación vesical, Laparotomía, Lavado de manos, Lavado gástrico, Lumbago, Marcapasos, Masaje cardiaco, Administración de medicamentos. Volumen 7. Monitorización cardiaca, Movilización del enfermo, Muestra de orina, Muleta, Neumonía, Neumotórax, Obstrucción de vías respiratorias, Obstrucción intestinal, Oxigenoterapia, Pancreatitis, Parto, Pelviperitonitis, Pericardiocentesis, Peritonitis. Volumen 8. Pielonefritis, Politraumatismo, Posiciones del enfermo, Premadurez, Preoperatorio, Presión arterial, Puerperio, Punción lumbar, Quemadura ocular, Quimioterapia, Quirófano, Radioterapias, Reacciones transfusionales, Reanimación, Recién nacido, Rehabilitación física, Respiratoria, Retención urinaria. Volumen 9. Septicemia, Shock, Sida, Síncope, Síndrome, Sobredosis de droga, Sondaje, Sueroterapia, Suicida, Sujeción, Sutura, Tacto rectal, Temperatura corporal, Terapia ocupacional, Tos, Tracción, Transfunden sanguínea, Transporte de accidentados, Traqueostomía, Trastornos, Traumatismos. Volumen 10. Tromboembolismo, Tromboflebitis, Tuberculosis, Tumor, Úlcera, Coronaria, Uremia, Urgencia, Varices, Vejiga neurógena, Vendaje, Venesección, Ventilación artificial, Vestuario quirúrgico, Vomitó, Yeso.
650 _aEnfermeria
_xEnciclopedias
650 _aAtención hospitalaria.
650 _aAtención al enfermo.
700 _aBagg, Andrea.
_eEditor.
700 _aBallantyne, John.
_eColaborador.
700 _aBuckley Brendan M.
_eColaborador.
942 _2ddc
_cBK
_hR610.73
_iE561
_n0
999 _c48968
_d48968